[Event "Campeonato de España Femenino 2008"]
[Site "Novetle ESP"]
[Date "2008.08.05"]
[Round "3.8"]
[White "Riera Morilla, Elizabeth"]
[Black "Alfonso Nogue, Beatriz"]
[Result "0-1"]
[PlyCount "146"]
[EventDate "2008.08.04"]
[EventType "swiss"]
[EventRounds "9"]
[EventCountry "ESP"]
[Source "lmi"]
[SourceDate "2008.08.04"]
[WhiteElo "1915"]
[BlackElo "2147"]

1. c4 e5 2. g3 Nc6 3. Bg2 f5 4. Nc3 Nf6 5. e3 Be7 6. Nge2 O-O 7. d4 d6 8. O-O
Qe8 9. f4 e4 10. a3 a5 11. b3 Bd7 12. Rb1 Qh5 13. Bd2 b6 14. Nb5 Bd8 15. d5 Ne7
16. Nbd4 Ng4 17. h3 Nf6 18. Qc2 Qg6 19. Ra1 b5 20. Rfd1 Qe8 21. Nc3 bxc4 22.
bxc4 c6 23. dxc6 Nxc6 24. Ndb5 Qg6 25. Be1 Bb6 26. Qe2 Ne8 27. Na4 Bd8 28. Qd2
Ne7 29. Nac3 Be6 30. Nd5 Nxd5 31. cxd5 Bd7 32. Nd4 Bb6 33. Qb2 Bc5 34. Rac1 Nf6
35. Nc2 Qf7 36. Qa2 Bc6 37. Bf1 Ba4 38. Kf2 Qa7 39. Bd2 Rfb8 40. Rb1 Rc8 41.
Rdc1 Rab8 42. Rxb8 Rxb8 43. Bc4 Qb6 44. Qa1 Kf7 45. Qc3 Qb2 46. Ke2 Bb5 47.
Bxb5 Rxb5 48. Qc4 Rb3 49. Kd1 Rd3 50. Ke1 Kg6 51. Rd1 Nxd5 52. Bxa5 Rxd1+ 53.
Kxd1 Nf6 54. Kd2 Qb1 55. Qe6 Qb5 56. Bd8 Qd3+ 57. Kc1 Bxa3+ 58. Nxa3 Qxa3+ 59.
Kc2 Qd3+ 60. Kb2 Qd5 61. Qc8 Qd2+ 62. Kb1 Qxe3 63. Bxf6 Kxf6 64. Qd8+ Ke6 65.
Qg8+ Kd7 66. Qxg7+ Kc6 67. Qxh7 Qd3+ 68. Kb2 e3 69. Qh8 e2 70. Qc8+ Kd5 71.
Qa8+ Kd4 72. Qa7+ Ke4 73. Qb7+ Ke3 0-1